000 00355nam a2200157Ia 4500
003 OSt
005 20240216164107.0
008 170524s9999 xx 000 0 und d
020 _a978-8131723258
040 _cIIMT UNIVERSITY
100 _aMendham J
245 0 _aQuantitative Chemical Analysis
260 _bPerson
260 _c2008
942 _2ddc
_c02
999 _c4638
_d4638